00696nam a22001817a 4500003000400000020001800004082001800022100001800040245003600058250000800094260002900102300000800131650002800139942001200167952015900179952015900338999001700497SGT a9780199679379 a617.601bE13D aDaly, Blanaid aEssential Dental Public Health  a2nd bOxford Univ. Pressc2013 a253 aPublic Health Dentistry 2ddccBK 00102ddc405171aFDbFDcREFd2024-08-22eAhuja Book Co. Pvt. Ltd. g4171.00iSGTUl0o617.601 E13DpFD9441r2024-08-22 00:00:00w0000-00-00yBKk19153 00102ddc405171aFDbFDcREFd2024-08-22eAhuja Book Co. Pvt. Ltd. g4171.00iSGTUl0o617.601 E13DpFD9442r2024-08-22 00:00:00w0000-00-00yBKk19153 c26809d26809